01350nam a2200361 i 450000100060000000300090000600500170001500800390003201500170007104000410008804100130012908000150014208000100015708000130016710000410018024501800022124600450040126000560044630000390050238000160054150400340055765000230059165000120061465000220062665000290064865800150067770000360069270000410072870000300076970000490079971000420084885600980089010856KOSZ 00520211126142830.0080305s1965 pl a f 001 0 pol aPB 1966/1895 aWA NcWA NdKOSZ 005/RWdKOSZ 005/HR1 apolhrus a519.61/.64 a517.5 a517.2/.31 aDemidovič, Boris PavlovičeAutor10aMetody numeryczne.nCz. 2,pPrzybliżanie funkcji, równiania różniczkowe i całkowe /cB. P. Demidowicz, I. A. Maron, E. Z. Szuwałowa ; [tł. A. Pol i A. Szymanowski].1 iTyt. oryg.:aČislennye metody analiza. aWarszawa :bPaństwowe Wydawnictwo Naukowe,c1965. a345, [2] s. :bil., err. ;c25 cm. aKsiążki aBibliogr. przy rozdz. Indeks. 4aAnaliza numeryczna 4aFunkcje 4aRachunek całkowy 4aRachunek różniczkowy aMatematyka1 aMaron, Isaak AbramovičeAutor1 aŠuvalova, Èmma Zinov'evnaeAutor1 aPol, AntonieTłumaczenie1 aSzymanowski, Adamd(1938-2001)eTłumaczenie2 aPaństwowe Wydawnictwo Naukowe4pbl. uhttp://koha.tu.koszalin.pl/cgi-bin/koha/opac-detail.pl?biblionumber=10856yKatalog online BPK